000
00299nam a22001337a 4500
020
_a
1-8442-2953-X
082
_a
823
_b
REA/M
100
_a
READER COLIN
245
_a
MAGIC HAT
_b
LITTLE RED TRACTOR
260
_a
ITALY
_b
LADY BIRD
300
_a
29
650
_a
ENGLISH SHORT STORY
_z
ITALY
942
_c
BK
999
_c
2158
_d
2158